000 00781nam a2200265 i 4500
001 C2-0258232
003 PPAK
005 20180727224925.0
008 041007s2004 my a|||| ||||| | may d
020 _a9832612381
040 _aPPAK
_beng
_cPPAK
_erda
082 0 4 _a338.0209595
_223
090 0 0 _a338.0209595
_bNOU
_dK
100 0 _aNoura Syifa,
_eauthor
245 1 0 _aPeningkatan komoditi
264 1 _aKuala Lumpur :
_bSabunai Media ,
_c2004
300 _a64 pages :
_bcolour illustrations ;
_c29 cm
336 _2rdacontent
_atext
337 _2rdamedia
_aunmediated
338 _2rdacarrier
_avolume
490 1 _aPembangunan Malaysia
650 1 0 _aMalaysia - Economic conditions ; Malaysia - Economic conditions
830 0 _aPembangunan Malaysia
942 _ddc
_cB
999 _c69843
_d69843